1784 1107 1146 1821 1085 1142 1565 1448 1799 1306 1753 1547 1792 1249 1468 1861 1101 1790 1462 1489 1156 1048 1464 1367 1989 1517 1754 1773 1847 1038 1061 1565 1867 1410 1965 1876 1530 1842 1420 1257 1883 1149 1838 1182 1943 1999 1120 1167 1919 1315 1476 1003 1114 1000 1055 1943 1031 1574 1012 1553 1978 1961 1114 1085 1704 1916 1591 1185 1766 1240 1443 1758 1274 1343 1089 1242 1447 1165 1329 1595 1650 1212 1430 1948 1584 1015 1369 1501 1105 1930 1741 1262 1374 1750 1677 1738 1855 1569 1348 BCNSPRNW ULIB Ver.6.0+V

เปลี่ยนเป็นภาษาไทย

Change to English
 แสดงรายละเอียดบรรณานุกรม
  กลับหน้าหลัก

Brief Record : Get Marc (ISO 2709) : E-mail record : QR code < ปิดหน้าต่าง
LEADER : 00000nam 2200000uu 4500
001    13399112093
003     ULIB
008    110726s2542||||th 000 0 tha d
020    9748708411
050  4 HA276^bส843ส 2542
100 0  สุเมธ สมภักดี
245 10 สถิติคณิตศาสตร์ =^bMathematical statistics /^cสุเมธ สมภักดี
246 31 Mathematical statistics
260    กรุงเทพฯ :^bประกายพรึก,^c2542
300    237 หน้า
504    บรรณานุกรม: หน้า 237
650  4 คณิตศาสตร์สถิติ
945    ^p160^l0^i021060
945    ^p160^l0^i021061
949    ทศพร
999 ^a ทศพร
รายการนี้ยังไม่มีแท็ก
คุณยังไม่ได้ล็อกอิน คุณสามารถมีกิจกรรมร่วมกับเว็บไซต์ได้ แต่ต้องล็อกอินก่อน ::
  ล็อกอิน

รายการสื่อสารสนเทศ

ลำดับที่ ประเภท เลขเรียก/บาร์โค้ด สถานที่ สถานะ
- ไม่พบข้อมูล -

รายการใกล้เคียง
    หัวเรื่อง [คณิตศาสตร์สถิติ]

BibComment


ยังไม่เคยถูกคอมเมนท์

คอมเมนท์ทรัพยากรรายการนี้
  คอมเมนท์: สถิติคณิตศาสตร์ ..


 Copyright 2026. Bcnsprnw @Library